| 000 | 00494nam a22001457a 4500 | ||
|---|---|---|---|
| 082 | _a620.005 | ||
| 100 | _aAbbas Zaidi, Ghazanfar | ||
| 245 |
_aModern trends and techniques in procurement management / _cGhazanfar Abbas Zaidi. |
||
| 260 |
_aIslamabad : _bCEME - NUST, _c2014. |
||
| 300 |
_aVar p. : _c30cm. |
||
| 650 |
_aEngineering Management - MS Theses. _934601 |
||
| 700 |
_aSup: Dr. Akhtar Nawaz Malik. _934682 |
||
| 942 |
_2ddc _cTHE |
||
| 999 |
_c540647 _d540647 |
||